| 000 | 01026nam a22002297a 4500 | ||
|---|---|---|---|
| 003 | SEM | ||
| 005 | 20250709171903.0 | ||
| 008 | 241107s1928 ru ||||gr||||||01|0|arm|d | ||
| 040 |
_aSEM _cSEM |
||
| 041 | _aarm | ||
| 080 | _aԱվագ-111 | ||
| 100 | _aՄիքայելյան, Կարեն | ||
| 245 |
_aՀայ ժողովրդական հարստություններն արտասահմանում : _b(Կտակներ, նվիրատվություններ և հասարարական գումարներ) / _cԿ․ Միքայելյան |
||
| 246 | _aАрмянские народные богатства заграницей / | ||
| 260 |
_aՄոսկվա : _bՀայաստանի ոգնության կոմիտե, _c1928. |
||
| 300 |
_a72 էջ ; _c22 սմ |
||
| 650 | _aԺառանգական իրավունք | ||
| 653 | _aՍԷՄ | ||
| 710 | _aՀայաստանի ոգնության կոմիտե (ՀՈԿ) | ||
| 856 |
_uhttps://haygirk.nla.am/upload/1512-1940/1901-1940/miqayelyan_1928.pdf _yԿարդալ առցանց |
||
| 942 |
_2udc _cBK _n0 |
||
| 999 |
_c75420 _d75420 |
||